Statistics for US Federal Law Enforcement Agencies

Click here to take the quiz!

General Stats

  • This quiz has been taken 61 times
  • The average score is 15 of 19

Answer Stats

NameOfficial AcronymDescription% Correct
DOJ - Federal Bureau of InvestigationsFBIInvestigates and enforces major federal crimes.
100%
US - Central Intelligence AgencyCIATasked with gaining and retaining foreign intelligence and reporting to the President of the United States of it's findings; prevents major conflicts/ambushes from foreign countries.
98%
DHS - Immigration and Customs Enforcement AgencyICEAgency under the Department of Homeland Security tasked with enforcing illegal immigrants who reside within the United States illegally and enforces customs and citizenship.
91%
DOJ - Drug Enforcement AdministrationDEAAgency under the Department of Justice tasked with enforcing federal drug and narcotic laws within the country.
89%
US - Department of Homeland SecurityDHSProvides security to the United States and its territory through many various bureaus and offices.
85%
US - Federal Trade CommissionFTCTasked with enforcing customer deception and fraud, and enforcing business related laws.
85%
USDT - Internal Revenue ServiceIRSAgency under the Department of Treasury which enforces tax evasion, and revenue conflicts within the United States.
85%
US - United States Capitol PoliceUSCPCity police department operating as a federal law enforcement agency which protects the United States Capitol at all times, especially during senate/legislative sessions, and other major events at the capitol.
85%
DHS - Customs and Border Protection AgencyCBPAgency under the Department of Homeland Security tasked with protecting the United States borders from criminals, and smugglers, and keeping unregistered people out of the United States. Also handles customs and citizenship.
83%
US - Securities and Exchange CommissionSECTasked with enforcing investment laws, and enforcing security laws within the United States in addition to a cyber crime sub-function.
83%
NPS - United States Park PoliceUSPPAgency under the National Park Service tasked with enforcing park law and protecting against vandals or criminals in national parks.
83%
US - Department of JusticeDOJTasked with prosecuting federal defendants, and investigating and enforcing major federal crimes. Also provides legal assistance to government agencies.
80%
DOJ - United States Secret ServiceUSSSInvestigates and enforces major money-related crimes and provides protection to the President of the United States and high-ranking federal government officials.
80%
DOJ - Bureau of Alcohol, Tobacco, Firearms, and ExplosivesATFBureau under the Department of Justice which investigates and enforces major crimes pertaining to alcohol, tobacco, firearms, and explosives.
78%
US - National Park ServiceNPSTasked with operating and protecting national parks within the United States.
74%
USPS - Postal Inspection ServicePISAgency under the United States Postal Service tasked with enforcing crimes committed through the use of mail or delivery within the United States.
74%
DOJ - United States Marshals ServiceUSMSBureau under the Department of Justice which is tasked with locating fugitives, protecting federal judges, and managing witness protection programs.
74%
US - Department of TreasuryUSDTTasked with managing, operating, and enforcing the economy and taxes within the United States.
43%
DOJ - Federal Bureau of PrisonsBOPBureau under the Department of Justice tasked with managing federal prisons for federal inmates and enforcing the security, protection, and operations within a federal prison.
39%

Score Distribution

Percentile by Number Answered

Percent of People with Each Score

Your Score History

You have not taken this quiz